Xã hội và pháp luật

Salvato in:
Dettagli Bibliografici
Autore principale: Viện Luật học Việt Nam
Natura: Libro
Lingua:Undetermined
Pubblicazione: Hà Nội Chính trị quốc gia 1994
Soggetti:
Tags: Aggiungi Tag
Nessun Tag, puoi essere il primo ad aggiungerne! !
Thư viện lưu trữ: Trung tâm Học liệu Trường Đại học Cần Thơ
LEADER 00575nam a2200181Ia 4500
001 CTU_5935
008 210402s9999 xx 000 0 und d
082 |a 344 
082 |b V305 
100 |a Viện Luật học Việt Nam 
245 0 |a Xã hội và pháp luật 
245 0 |c Viện Luật học Việt Nam 
260 |a Hà Nội 
260 |b Chính trị quốc gia 
260 |c 1994 
650 |a law - study and teaching - vietnam 
904 |i Nguyễn Quang Điền, 960806 
980 |a Trung tâm Học liệu Trường Đại học Cần Thơ